Jednotný finanční trh. Zatím jen teorie.
Finančné služby predstavujú 7 perc. hrubého národného produktu krajín ES. Opatrenia k vytvoreniu jednotného trhu finančných služieb. Rozbitie sústavy obmedzenia pohybu kapitálu. Ponuka finančných služieb prostredníctvom finančných firiem i za hranice krajín ES. Rozdiel v daňových sústavách jednotliv...
Enregistré dans:
| Format: | Chapitre de livre |
|---|---|
| Langue: | tchèque |
| Sujets: | |
| Tags: |
Pas de tags, Soyez le premier à ajouter un tag!
|
MARC
| LEADER | 00000naa a2200000 4500 | ||
|---|---|---|---|
| 001 | r013008 | ||
| 005 | 20221213082430.6 | ||
| 041 | 0 | |a cze | |
| 044 | |a CZ | ||
| 245 | 1 | 0 | |a Jednotný finanční trh. |b Zatím jen teorie. |
| 520 | |a Finančné služby predstavujú 7 perc. hrubého národného produktu krajín ES. Opatrenia k vytvoreniu jednotného trhu finančných služieb. Rozbitie sústavy obmedzenia pohybu kapitálu. Ponuka finančných služieb prostredníctvom finančných firiem i za hranice krajín ES. Rozdiel v daňových sústavách jednotlivých krajín. Národná regulácia v oblasti finančného trhu. (The Economist, 8.1.1993). | ||
| 610 | 2 | 0 | |a služby finančné |
| 610 | 2 | 0 | |a trh finančný |
| 610 | 2 | 0 | |a Európske spoločenstvá |
| 610 | 2 | 0 | |a ECU |
| 610 | 2 | 0 | |a banky |
| 610 | 2 | 0 | |a poisťovníctvo |
| 610 | 2 | 0 | |a papiere cenné |